| 000 | 00383nam a22001337a 4500 | ||
|---|---|---|---|
| 999 |
_c15721 _d15721 |
||
| 003 | OSt | ||
| 082 |
_a631.587 _bPRA/D |
||
| 088 | _aT 449 | ||
| 100 |
_aPrasang H Rank _94261 |
||
| 245 | _aDevelopment and evaluation of an automated pulse irrigation system | ||
| 260 |
_aTavanur _bDepartment of Irrigation and Drainage Engineering _c2019 |
||
| 700 |
_aVishnu B (Guide) _93219 |
||
| 942 | _cTH | ||